Aktuálne rozvojové trendy v cestovnom ruchu vo svete

Cestovný ruch sa vo svete spája s prívlastkami najväčšie a najrýchlejšie sa rozvíjajúce priemyselné odvetvie. Aktuálne kľúčové kvalitatívne rozvojové trendy v cestovnom ruchu. Sústavný rast cestovného ruchu v celosvetovom meradle. Okamžitý dosah 11. septembra na priemysel cestovného ruchu vo svete....

ver descrição completa

Na minha lista:
Detalhes bibliográficos
Autor principal: Romanová, Eliška
Formato: Capítulo de Livro
Idioma:eslovaco
Assuntos:
Tags: Adicionar Tag
Sem tags, seja o primeiro a adicionar uma tag!

MARC

LEADER 00000naa$a2200000$$$4500
001 0002783
005 20230426123138.1
041 0 |a slo 
044 |a SK 
245 1 0 |a Aktuálne rozvojové trendy v cestovnom ruchu vo svete  |c aut. Eliška Romanová 
520 |a Cestovný ruch sa vo svete spája s prívlastkami najväčšie a najrýchlejšie sa rozvíjajúce priemyselné odvetvie. Aktuálne kľúčové kvalitatívne rozvojové trendy v cestovnom ruchu. Sústavný rast cestovného ruchu v celosvetovom meradle. Okamžitý dosah 11. septembra na priemysel cestovného ruchu vo svete. Realizovanie ozdravných opatrení. Vývoj roku 2002 z pohľadu cestovného ruchu. Charakteristika moderného cestovného ruchu a najpreferovanejšie obchodné destinácie. 
610 2 0 |a ruch cestovný 
610 2 0 |a ruch cestovný medzinárodný 
610 2 0 |a svet 
610 2 0 |a programy rozvojové 
610 2 0 |a segmentácia trhu 
610 2 0 |a služby 
610 2 0 |a politika medzinárodná 
610 2 0 |a prognózy 
610 2 0 |a turistika 
610 2 0 |a zariadenia ubytovacie 
610 2 0 |a destinácie 
100 1 |a Romanová, Eliška